[Event "French Blitz Championship"]
[Site "portmarly2022.ffechecs.org"]
[Date "2022.05.28"]
[Round "13"]
[White "Brunner, Nicolas"]
[Black "Boyer, Mahel"]
[Result "1/2-1/2"]
[Board "4"]
[WhiteElo "2372"]
[WhiteTitle "IM"]
[WhiteCountry "FRA"]
[WhiteFideId "620246"]
[WhiteEloChange "-1"]
[BlackElo "2328"]
[BlackTitle "IM"]
[BlackCountry "FRA"]
[BlackFideId "45102422"]
[BlackEloChange "1"]

1. d4 {[%clk 0:05:04]} Nf6 {[%clk 0:05:05]} 2. c4 {[%clk 0:05:07]} e6 {[%clk
0:05:06]} 3. Nc3 {[%clk 0:05:09]} c5 {[%clk 0:05:08]} 4. d5 {[%clk 0:05:10]} exd5
{[%clk 0:05:10]} 5. cxd5 {[%clk 0:05:12]} d6 {[%clk 0:05:11]} 6. e4 {[%clk
0:05:08]} g6 {[%clk 0:05:13]} 7. f4 {[%clk 0:05:10]} Bg7 {[%clk 0:05:15]} 8. Bb5+
{[%clk 0:05:12]} Nfd7 {[%clk 0:05:17]} 9. a4 {[%clk 0:05:12]} O-O {[%clk
0:05:19]} 10. Nf3 {[%clk 0:05:14]} Na6 {[%clk 0:05:21]} 11. O-O {[%clk 0:05:15]}
Nb4 {[%clk 0:05:22]} 12. Re1 {[%clk 0:05:14]} a6 {[%clk 0:05:05]} 13. Bf1 {[%clk
0:05:16]} Re8 {[%clk 0:05:08]} 14. h3 {[%clk 0:05:13]} Rb8 {[%clk 0:04:58]} 15.
Be3 {[%clk 0:04:37]} Nf6 {[%clk 0:04:40]} 16. Bf2 {[%clk 0:04:22]} Nh5 {[%clk
0:04:42]} 17. Qd2 {[%clk 0:04:07]} Bh6 {[%clk 0:04:31]} 18. g3 {[%clk 0:04:01]}
Bd7 {[%clk 0:04:12]} 19. e5 {[%clk 0:03:16]} dxe5 {[%clk 0:03:26]} 20. Nxe5
{[%clk 0:03:18]} Bf5 {[%clk 0:03:06]} 21. Rac1 {[%clk 0:01:25]} b6 {[%clk
0:02:21]} 22. Kh2 {[%clk 0:01:16]} Qf6 {[%clk 0:02:11]} 23. Ng4 {[%clk 0:00:23]}
Bxg4 {[%clk 0:02:00]} 24. hxg4 {[%clk 0:00:26]} Nxf4 {[%clk 0:02:02]} 25. Be3
{[%clk 0:00:28]} Rxe3 {[%clk 0:01:37]} 26. Qxe3 {[%clk 0:00:27]} Kg7 {[%clk
0:01:34]} 27. Qf3 {[%clk 0:00:24]} Nfxd5 {[%clk 0:01:28]} 28. Qxf6+ {[%clk
0:00:22]} Nxf6 {[%clk 0:01:31]} 29. Rcd1 {[%clk 0:00:22]} Nxg4+ {[%clk 0:01:32]}
30. Kg1 {[%clk 0:00:12]} Be3+ {[%clk 0:01:17]} 31. Kg2 {[%clk 0:00:15]} Bd4
{[%clk 0:01:19]} 32. Kf3 {[%clk 0:00:09]} Ne5+ {[%clk 0:01:17]} 33. Kg2 {[%clk
0:00:09]} Nc2 {[%clk 0:01:17]} 34. Re2 {[%clk 0:00:07]} Ne3+ {[%clk 0:01:18]} 35.
Rxe3 {[%clk 0:00:09]} Bxe3 {[%clk 0:01:20]} 36. Bxa6 {[%clk 0:00:12]} Bd4 {[%clk
0:01:22]} 37. Bb5 {[%clk 0:00:11]} Ng4 {[%clk 0:01:24]} 38. Re1 {[%clk 0:00:13]}
Rb7 {[%clk 0:01:25]} 39. Re8 {[%clk 0:00:14]} h5 {[%clk 0:01:24]} 40. Nd5 {[%clk
0:00:16]} Nf6 {[%clk 0:01:15]} 41. Nxf6 {[%clk 0:00:15]} Bxf6 {[%clk 0:01:13]}
42. b3 {[%clk 0:00:18]} Re7 {[%clk 0:01:14]} 43. Rb8 {[%clk 0:00:14]} Bd4 {[%clk
0:00:38]} 44. Bc4 {[%clk 0:00:14]} Re3 {[%clk 0:00:23]} 45. Rxb6 {[%clk 0:00:16]}
Be5 {[%clk 0:00:25]} 46. Rb7 {[%clk 0:00:17]} Rxg3+ {[%clk 0:00:27]} 47. Kf2
{[%clk 0:00:20]} h4 {[%clk 0:00:19]} 48. Rxf7+ {[%clk 0:00:21]} Kh6 {[%clk
0:00:21]} 49. Rf3 {[%clk 0:00:17]} Bd4+ {[%clk 0:00:23]} 50. Ke2 {[%clk 0:00:20]}
Rg2+ {[%clk 0:00:20]} 51. Kd3 {[%clk 0:00:22]} Ra2 {[%clk 0:00:18]} 52. Be6
{[%clk 0:00:23]} Kg5 {[%clk 0:00:15]} 53. Kc4 {[%clk 0:00:26]} Re2 {[%clk
0:00:15]} 54. Bd7 {[%clk 0:00:27]} Re7 {[%clk 0:00:16]} 55. Bh3 {[%clk 0:00:28]}
Ra7 {[%clk 0:00:10]} 56. Kb5 {[%clk 0:00:28]} Rb7+ {[%clk 0:00:12]} 57. Kc6
{[%clk 0:00:30]} Ra7 {[%clk 0:00:13]} 58. Kb5 {[%clk 0:00:28]} Rb7+ {[%clk
0:00:10]} 59. Kc6 {[%clk 0:00:31]} Ra7 {[%clk 0:00:09]} 60. Kb5 {[%clk 0:00:28]}
Rb7+ {[%clk 0:00:05]} 61. Ka6 {[%clk 0:00:29]} Rb4 {[%clk 0:00:05]} 62. a5 {[%clk
0:00:31]} c4 {[%clk 0:00:07]} 63. bxc4 {[%clk 0:00:32]} Rxc4 {[%clk 0:00:09]} 64.
Kb5 {[%clk 0:00:34]} Rc5+ {[%clk 0:00:11]} 65. Kb4 {[%clk 0:00:36]} Rc6 {[%clk
0:00:12]} 66. Kb5 {[%clk 0:00:38]} Rc5+ {[%clk 0:00:14]} 67. Kb4 {[%clk 0:00:40]}
Rc6 {[%clk 0:00:16]} 68. Kb5 {[%clk 0:00:11]} Rf6 {[%clk 0:00:12]} 69. Rd3 {[%clk
0:00:39]} Bf2 {[%clk 0:00:13]} 70. Ra3 {[%clk 0:00:39]} Kf4 {[%clk 0:00:13]} 71.
a6 {[%clk 0:00:39]} Ba7 {[%clk 0:00:16]} 72. Rd3 {[%clk 0:00:39]} Rf7 {[%clk
0:00:09]} 73. Rd8 {[%clk 0:00:34]} g5 {[%clk 0:00:10]} 74. Rg8 {[%clk 0:00:33]}
Rc7 {[%clk 0:00:11]} 75. Rg6 {[%clk 0:00:24]} Rc5+ {[%clk 0:00:10]} 76. Kb4
{[%clk 0:00:27]} Rc7 {[%clk 0:00:11]} 77. Kb5 {[%clk 0:00:29]} Be3 {[%clk
0:00:11]} 78. Rg8 {[%clk 0:00:23]} Kg3 {[%clk 0:00:13]} 79. Be6 {[%clk 0:00:23]}
h3 {[%clk 0:00:13]} 80. Rh8 {[%clk 0:00:20]} g4 {[%clk 0:00:07]} 81. Rg8 {[%clk
0:00:21]} Rc5+ {[%clk 0:00:04]} 82. Kb4 {[%clk 0:00:23]} Rc6 {[%clk 0:00:06]} 83.
Rxg4+ {[%clk 0:00:24]} Kf3 {[%clk 0:00:08]} 84. Bd5+ {[%clk 0:00:23]} Kxg4 {[%clk
0:00:07]} 85. Bxc6 {[%clk 0:00:23]} 1/2-1/2

[Event "French Blitz Championship"]
[Site "portmarly2022.ffechecs.org"]
[Date "2022.05.28"]
[Round "13"]
[White "Bellahcene, Bilel"]
[Black "Iglesias, Yosha"]
[Result "1-0"]
[Board "5"]
[WhiteElo "2562"]
[WhiteTitle "GM"]
[WhiteCountry "ALG"]
[WhiteFideId "696358"]
[WhiteEloChange "1"]
[BlackElo "2248"]
[BlackTitle "FM"]
[BlackCountry "FRA"]
[BlackFideId "637823"]
[BlackEloChange "-3"]

1. e4 {[%clk 0:05:05]} c5 {[%clk 0:05:04]} 2. Nf3 {[%clk 0:05:06]} d6 {[%clk
0:05:06]} 3. d4 {[%clk 0:05:08]} cxd4 {[%clk 0:05:07]} 4. Nxd4 {[%clk 0:05:10]}
Nf6 {[%clk 0:05:08]} 5. Nc3 {[%clk 0:05:12]} g6 {[%clk 0:05:09]} 6. h4 {[%clk
0:05:10]} Nc6 {[%clk 0:05:00]} 7. h5 {[%clk 0:04:59]} Nxh5 {[%clk 0:04:51]} 8.
Be3 {[%clk 0:05:01]} Nxd4 {[%clk 0:04:10]} 9. Bxd4 {[%clk 0:04:57]} e5 {[%clk
0:04:11]} 10. Be3 {[%clk 0:04:55]} a6 {[%clk 0:04:10]} 11. Nd5 {[%clk 0:04:35]}
Be6 {[%clk 0:02:26]} 12. Bb6 {[%clk 0:04:35]} Qc8 {[%clk 0:02:27]} 13. Nc7+
{[%clk 0:04:06]} Kd7 {[%clk 0:02:17]} 14. c4 {[%clk 0:04:11]} Qxc7 {[%clk
0:01:51]} 15. Bxc7 {[%clk 0:04:11]} Kxc7 {[%clk 0:01:53]} 16. Rxh5 {[%clk
0:03:52]} gxh5 {[%clk 0:01:55]} 17. Qxh5 {[%clk 0:03:53]} Rc8 {[%clk 0:01:50]}
18. g3 {[%clk 0:03:53]} Kb8 {[%clk 0:01:50]} 19. b3 {[%clk 0:03:44]} Be7 {[%clk
0:01:32]} 20. Bh3 {[%clk 0:03:46]} Bxh3 {[%clk 0:01:26]} 21. Qxh3 {[%clk
0:03:48]} Bd8 {[%clk 0:01:28]} 22. Rd1 {[%clk 0:03:47]} Ba5+ {[%clk 0:01:27]} 23.
Ke2 {[%clk 0:03:49]} Bb4 {[%clk 0:01:25]} 24. Qf5 {[%clk 0:03:51]} Bc5 {[%clk
0:01:15]} 25. Rh1 {[%clk 0:03:51]} h6 {[%clk 0:01:02]} 26. Qf6 {[%clk 0:03:50]}
b5 {[%clk 0:00:55]} 27. a4 {[%clk 0:03:42]} bxc4 {[%clk 0:00:40]} 28. bxc4 {[%clk
0:03:43]} Rc7 {[%clk 0:00:15]} 29. Rb1+ {[%clk 0:03:42]} Ka7 {[%clk 0:00:17]} 30.
Qxh8 {[%clk 0:03:41]} 1-0

[Event "French Blitz Championship"]
[Site "portmarly2022.ffechecs.org"]
[Date "2022.05.28"]
[Round "13"]
[White "David, Alberto"]
[Black "Laurent, Julien G."]
[Result "1-0"]
[Board "6"]
[WhiteElo "2548"]
[WhiteTitle "GM"]
[WhiteCountry "ITA"]
[WhiteFideId "4000013"]
[WhiteEloChange "2"]
[BlackElo "2326"]
[BlackTitle "FM"]
[BlackCountry "FRA"]
[BlackFideId "618500"]
[BlackEloChange "-4"]

1. e4 {[%clk 0:05:03]} c6 {[%clk 0:05:04]} 2. Nf3 {[%clk 0:05:03]} d5 {[%clk
0:05:04]} 3. Nc3 {[%clk 0:05:05]} dxe4 {[%clk 0:04:59]} 4. Nxe4 {[%clk 0:05:06]}
Nf6 {[%clk 0:05:01]} 5. Qe2 {[%clk 0:05:00]} Nxe4 {[%clk 0:04:53]} 6. Qxe4 {[%clk
0:05:02]} Qd5 {[%clk 0:04:55]} 7. Qf4 {[%clk 0:04:59]} Qf5 {[%clk 0:04:23]} 8.
Qe3 {[%clk 0:04:52]} Qe6 {[%clk 0:04:16]} 9. b3 {[%clk 0:04:51]} Qxe3+ {[%clk
0:04:14]} 10. fxe3 {[%clk 0:04:52]} f6 {[%clk 0:03:34]} 11. Bc4 {[%clk 0:04:20]}
Nd7 {[%clk 0:03:25]} 12. O-O {[%clk 0:04:10]} Nb6 {[%clk 0:03:25]} 13. Bd3 {[%clk
0:03:53]} Be6 {[%clk 0:03:14]} 14. Nd4 {[%clk 0:03:49]} Bf7 {[%clk 0:03:06]} 15.
Bf5 {[%clk 0:03:20]} g6 {[%clk 0:02:06]} 16. Be6 {[%clk 0:02:48]} Bxe6 {[%clk
0:02:03]} 17. Nxe6 {[%clk 0:02:49]} Kf7 {[%clk 0:01:39]} 18. Nc5 {[%clk 0:02:51]}
Rb8 {[%clk 0:01:26]} 19. Bb2 {[%clk 0:02:47]} Ke8 {[%clk 0:01:16]} 20. a4 {[%clk
0:02:21]} Nd7 {[%clk 0:01:10]} 21. Ne4 {[%clk 0:02:08]} Bg7 {[%clk 0:00:57]} 22.
a5 {[%clk 0:02:10]} a6 {[%clk 0:00:58]} 23. Ra4 {[%clk 0:02:11]} h6 {[%clk
0:00:34]} 24. Bd4 {[%clk 0:01:18]} Kd8 {[%clk 0:00:17]} 25. Bb6+ {[%clk 0:01:08]}
Ke8 {[%clk 0:00:11]} 26. Rb4 {[%clk 0:01:06]} f5 {[%clk 0:00:10]} 27. Nc5 {[%clk
0:00:52]} Nxc5 {[%clk 0:00:05]} 28. Bxc5 {[%clk 0:00:54]} Be5 29. Ba7 {[%clk
0:00:54]} Bd6 30. Rb6 {[%clk 0:00:54]} 1-0

[Event "French Blitz Championship"]
[Site "portmarly2022.ffechecs.org"]
[Date "2022.05.28"]
[Round "13"]
[White "Rakotomaharo, Fy Antenaina"]
[Black "Karagyozian, Edgar"]
[Result "1-0"]
[Board "7"]
[WhiteElo "2473"]
[WhiteTitle "IM"]
[WhiteCountry "MAD"]
[WhiteFideId "13100050"]
[WhiteEloChange "2"]
[BlackElo "2199"]
[BlackTitle "CM"]
[BlackCountry "FRA"]
[BlackFideId "13303341"]
[BlackEloChange "-3"]

1. e4 {[%clk 0:05:04]} d5 {[%clk 0:05:06]} 2. exd5 {[%clk 0:05:05]} Nf6 {[%clk
0:05:08]} 3. Nf3 {[%clk 0:05:05]} Nxd5 {[%clk 0:05:09]} 4. d4 {[%clk 0:05:07]} e6
{[%clk 0:05:10]} 5. c4 {[%clk 0:05:05]} Nf6 {[%clk 0:05:12]} 6. Nc3 {[%clk
0:05:05]} Be7 {[%clk 0:05:09]} 7. Bd3 {[%clk 0:05:01]} O-O {[%clk 0:04:41]} 8.
O-O {[%clk 0:05:01]} b6 {[%clk 0:04:41]} 9. Bg5 {[%clk 0:04:21]} Bb7 {[%clk
0:05:11]} 10. Qe2 {[%clk 0:04:22]} Nbd7 {[%clk 0:05:00]} 11. Rad1 {[%clk
0:04:21]} Re8 {[%clk 0:04:51]} 12. Rfe1 {[%clk 0:04:06]} Nf8 {[%clk 0:04:48]} 13.
Ne5 {[%clk 0:04:00]} N6d7 {[%clk 0:04:32]} 14. Bf4 {[%clk 0:03:34]} Ng6 {[%clk
0:04:12]} 15. Bg3 {[%clk 0:03:22]} Qc8 {[%clk 0:03:16]} 16. h4 {[%clk 0:02:58]}
Ndxe5 {[%clk 0:03:08]} 17. dxe5 {[%clk 0:02:59]} Bxh4 {[%clk 0:02:26]} 18. Bxh4
{[%clk 0:02:51]} Nxh4 {[%clk 0:02:27]} 19. Bxh7+ {[%clk 0:02:44]} Kxh7 {[%clk
0:02:26]} 20. Qh5+ {[%clk 0:02:46]} Kg8 {[%clk 0:02:29]} 21. Qxh4 {[%clk
0:02:47]} Rd8 {[%clk 0:02:11]} 22. Qe7 {[%clk 0:02:17]} Re8 {[%clk 0:02:07]} 23.
Qg5 {[%clk 0:02:18]} Rd8 {[%clk 0:01:59]} 24. Ne2 {[%clk 0:02:19]} Rd7 {[%clk
0:01:30]} 25. Ng3 {[%clk 0:02:04]} Qd8 {[%clk 0:00:58]} 26. Qg4 {[%clk 0:02:05]}
g6 {[%clk 0:00:43]} 27. Nh5 {[%clk 0:01:59]} Rxd1 {[%clk 0:00:36]} 28. Rxd1
{[%clk 0:02:00]} Qe7 {[%clk 0:00:37]} 29. Rd7 {[%clk 0:01:13]} Qb4 {[%clk
0:00:30]} 30. Qf4 {[%clk 0:01:03]} Qe1+ {[%clk 0:00:27]} 31. Kh2 {[%clk 0:01:05]}
Rf8 {[%clk 0:00:27]} 32. Qf6 {[%clk 0:00:47]} gxh5 {[%clk 0:00:23]} 33. Qg5+
{[%clk 0:00:45]} Kh7 {[%clk 0:00:24]} 34. Qxh5+ {[%clk 0:00:46]} Kg7 {[%clk
0:00:26]} 35. Qg5+ {[%clk 0:00:46]} Kh7 {[%clk 0:00:27]} 36. Rd3 {[%clk 0:00:42]}
Bxg2 {[%clk 0:00:19]} 37. Qh5+ {[%clk 0:00:29]} 1-0

[Event "French Blitz Championship"]
[Site "portmarly2022.ffechecs.org"]
[Date "2022.05.28"]
[Round "13"]
[White "Borne, Niels"]
[Black "Viennot, Dylan"]
[Result "0-1"]
[Board "8"]
[WhiteElo "2189"]
[WhiteTitle "FM"]
[WhiteCountry "FRA"]
[WhiteFideId "602876"]
[WhiteEloChange "-5"]
[BlackElo "2362"]
[BlackTitle "FM"]
[BlackCountry "FRA"]
[BlackFideId "676098"]
[BlackEloChange "5"]

1. c4 {[%clk 0:05:05]} e6 {[%clk 0:05:05]} 2. Nf3 {[%clk 0:05:04]} d5 {[%clk
0:05:07]} 3. e3 {[%clk 0:05:05]} c5 {[%clk 0:05:09]} 4. cxd5 {[%clk 0:04:40]}
exd5 {[%clk 0:05:11]} 5. d4 {[%clk 0:04:42]} Nc6 {[%clk 0:05:13]} 6. Bb5 {[%clk
0:04:09]} Nf6 {[%clk 0:05:14]} 7. Nc3 {[%clk 0:04:04]} cxd4 {[%clk 0:05:16]} 8.
Nxd4 {[%clk 0:04:02]} Bd7 {[%clk 0:05:18]} 9. O-O {[%clk 0:03:34]} Bd6 {[%clk
0:05:20]} 10. Nf3 {[%clk 0:03:29]} Bg4 {[%clk 0:05:22]} 11. h3 {[%clk 0:03:22]}
Bh5 {[%clk 0:05:24]} 12. Be2 {[%clk 0:03:23]} O-O {[%clk 0:05:22]} 13. Nh4 {[%clk
0:03:23]} Bxe2 {[%clk 0:05:19]} 14. Nxe2 {[%clk 0:03:25]} Re8 {[%clk 0:04:58]}
15. Nf5 {[%clk 0:03:21]} Be5 {[%clk 0:04:49]} 16. Nh4 {[%clk 0:00:15]} Bd6 {[%clk
0:04:49]} 17. Nf3 {[%clk 0:00:15]} 0-1